000
00341nam a22001577a 4500
003
SGT
020
_a
978-93-5025-959-7
082
_a
615.845, E12S
100
_a
SINGH, JAGMOHAN
245
_a
TB. OF ELECTROTHERAPY
250
_a
2ND
260
_a
DEHLI
_b
JAYPEE
_c
2012
300
_a
324
650
_a
ELECTROTHERAPY
942
_2
ddc
_c
BK
_0
90
999
_c
8302
_d
8302